000 00642nam a2200205 a 4500
001 000010287
005 20240412074216.0
008 091006s2000 dr 001 p spa d
040 _aDO-SdBNP
_bspa
_cBNPHU
082 _aRD861.44
_bN716r
100 1 _aNino Féliz, Rafael,
_d1954-
_924260
245 1 0 _aRastros :
_b(poemas) /
_cRafael Nino Féliz.
260 _aSanto Domingo :
_bGente,
_c2000.
300 _a77 p. ;
_c21 cm.
500 _aIncluye datos biográficos del autor.
590 _aInventariado, 2018/LP
650 0 _aPoesía dominicana
_966
650 0 _aLiteratura dominicana.
_967
910 _aValidado. Control de calidad BNPHU
999 _c10046
_d10046